Fr. Conceicao Rodrigues College of Engineering

Pentaho for big data analytics (Record no. 32168)

MARC details
000 -LEADER
fixed length control field 00305nam a2200145Ia 4500
082 ## - DEWEY DECIMAL CLASSIFICATION NUMBER
Classification number 5.3
Item number PAT
100 ## - MAIN ENTRY--PERSONAL NAME
Personal name Patil/Manoj R
245 ## - TITLE STATEMENT
Title Pentaho for big data analytics
260 ## - PUBLICATION, DISTRIBUTION, ETC.
Name of publisher, distributor, etc. PACKT
Date of publication, distribution, etc. 2013
366 ## - TRADE AVAILABILITY INFORMATION
Publishers's discount category 20
300 ## - PHYSICAL DESCRIPTION
Extent 102
546 ## - LANGUAGE NOTE
Language note ENGLISH
-- electronics
654 ## - SUBJECT ADDED ENTRY--FACETED TOPICAL TERMS
Focus term pentaho
942 ## - ADDED ENTRY ELEMENTS (KOHA)
Koha item type BOOK
Holdings
Withdrawn status Lost status Damaged status Not for loan Collection Home library Current library Date acquired Source of acquisition Cost, normal purchase price Inventory number Total Checkouts Full call number Barcode Date last seen Cost, replacement price Price effective from Koha item type
        CRC Fr. Agnel's C.Rodrigues College of Engineering Fr. Agnel's C.Rodrigues College of Engineering 17/03/2023 Book Service Syndicate 200.00 58 dt 11.06.2014   5.3 PAT 23226 17/03/2023 250.00   BOOK